|
|
|
|
| LEADER |
00000nam a22000007a 4500 |
| 005 |
2021080505205.0 |
| 007 |
cr|||| |||| |
| 008 |
210805s2004 ca |||||s|||| 00||0 eng d |
| 020 |
|
|
|a 9781552212981
|
| 035 |
|
|
|a 34904
|
| 040 |
|
|
|a vLex
|
| 090 |
|
|
|c 11915
|d 11915
|
| 100 |
1 |
|
|a Potts, David
|
| 245 |
1 |
0 |
|a Canadian Libel and Slander Actions
|h [Recurso electrn̤ico] /
|c David Potts, Roger McConchie
|
| 256 |
|
|
|a Servicio en ln̕ea
|
| 260 |
|
|
|a Toronto:
|b Irwin Law Inc.,
|c 2004
|
| 300 |
|
|
|a 1 recurso electrn̤ico
|
| 500 |
|
|
|a Canadian Libel and Slander Actions is a comprehensive, step-by-step guide to litigating a libel or slander action from the initial meeting with the client to the jury charge. It surveys more than 500 leading cases in Canada and elsewhere, providing expert insight into judicial interpretation of concepts such as express malice, fair comment, qualified and absolute privilege, justification and consent. It includes separate chapters on pleadings, discovery, evidence, damages, appeals, and Charter issues. The book is written by two of Canada’s most experienced and respected practitioners of defamation and media-related law. It is destined to be a classic in the field.
|
| 506 |
1 |
|
|a Disponible solo en los productos indicados
|d vLex Global
|d vLex Global (Academic Edition, excluding Law Schools)
|d vLex Global (U.S. Academic Edition, Law Schools)
|d vLex Global (U.S. Academic Edition, excluding Law Schools)
|d vLex Global (Academic Edition, Law Schools)
|
| 650 |
0 |
4 |
|a Derecho Penal
|z Canad̀
|
| 700 |
1 |
|
|a McConchie, Roger
|
| 740 |
0 |
|
|a vLex Libros (Servicio en ln̕ea)
|
| 856 |
4 |
0 |
|u https://app.vlex.com/#/sources/34904
|z Acceso restringido
|
| 942 |
|
|
|c BOOK
|
| 999 |
0 |
|
|a Criminal law
|